[Event "Montreal op"]
[Site "Montreal CAN"]
[Date "2014.09.06"]
[Round "3"]
[White "Wilkin, Alain"]
[Black "Ming, Wenyang"]
[Result "1/2-1/2"]
[WhiteElo "1935"]
[BlackElo "2117"]
[PlyCount "148"]
[EventDate "2014.09.05"]
[EventType "swiss"]
[EventRounds "5"]
[EventCountry "CAN"]

1. d4 Nf6 2. Nf3 c5 3. e3 g6 4. Bd3 Bg7 5. O-O O-O 6. Nbd2 cxd4 7. exd4 Nc6 8.
c3 d5 9. Re1 Bf5 10. Bxf5 gxf5 11. Nf1 Qc7 12. g3 Ne4 13. Ne3 e6 14. Ng2 b5 15.
Ng5 b4 16. Nxe4 fxe4 17. Nf4 Rac8 18. Nh5 f5 19. Nxg7 Qxg7 20. Bf4 bxc3 21.
bxc3 Na5 22. Qa4 Nc4 23. Qa6 Rfe8 24. Rab1 e5 25. Rb7 Qg6 26. Qxg6+ hxg6 27.
Bh6 Re6 28. Rg7+ Kh8 29. Rxa7 exd4 30. cxd4 Rec6 31. Rb1 R8c7 32. Ra8+ Rc8 33.
Rxc8+ Rxc8 34. Rb5 Ra8 35. Rxd5 Rxa2 36. Rc5 Nd2 37. Bxd2 Rxd2 38. Rd5 Kg7 39.
h4 Kf6 40. Rd6+ Ke7 41. Rxg6 Rxd4 42. Kf1 Rd2 43. h5 Kf7 44. Rc6 f4 45. gxf4
Rd5 46. h6 Rf5 47. h7 Rh5 48. Ke2 Rh3 49. f5 Kg7 50. Re6 Kxh7 51. Rxe4 Kg7 52.
Re6 Rh5 53. f4 Rxf5 54. Kf3 Kf7 55. Rb6 Ra5 56. Kg4 Ra1 57. Kg5 Ra5+ 58. f5 Ra7
59. Rh6 Kg8 60. Rg6+ Kf7 61. Rh6 Kg8 62. Rb6 Kf7 63. Rc6 Rb7 64. Rh6 Kg8 65.
Rd6 Kf7 66. Rf6+ Kg7 67. Rg6+ Kf7 68. Rd6 Ra7 69. Rd4 Kg7 70. Re4 Kf7 71. Rh4
Ra6 72. Rh7+ Kg8 73. Rb7 Kf8 74. Rc7 Rb6 1/2-1/2

[Event "Montreal op"]
[Site "Montreal CAN"]
[Date "2014.09.06"]
[Round "3"]
[White "Zhu, Hong Rui"]
[Black "Cardona, Misael"]
[Result "1/2-1/2"]
[WhiteElo "2203"]
[BlackElo "2111"]
[PlyCount "75"]
[EventDate "2014.09.05"]
[EventType "swiss"]
[EventRounds "5"]
[EventCountry "CAN"]

1. e4 c5 2. Ne2 e6 3. g3 Nc6 4. Bg2 Nge7 5. c3 d5 6. exd5 Nxd5 7. d4 cxd4 8.
Nxd4 Qb6 9. Nxc6 bxc6 10. O-O Ba6 11. Re1 Rd8 12. Qf3 Be7 13. Nd2 O-O 14. Ne4
c5 15. Rb1 Rd7 16. Bg5 Bxg5 17. Nxg5 Nf6 18. b3 Rd2 19. a3 h6 20. Ne4 Nxe4 21.
Qxe4 Rfd8 22. c4 Qa5 23. b4 Qxa3 24. Ra1 Ra2 25. Rxa2 Qxa2 26. bxc5 Qxc4 27.
Qxc4 Bxc4 28. h4 Rc8 29. c6 Bd5 30. Bxd5 exd5 31. Re7 Rxc6 32. Rxa7 g6 33. Rd7
Rc1+ 34. Kg2 Rd1 35. Kf3 Kg7 36. Ke2 Rd4 37. Ke3 Rd1 38. Ke2 1/2-1/2

[Event "Montreal op"]
[Site "Montreal CAN"]
[Date "2014.09.07"]
[Round "4"]
[White "Bolduc, Steve"]
[Black "Munro, Allan"]
[Result "1-0"]
[WhiteElo "2269"]
[BlackElo "2120"]
[PlyCount "137"]
[EventDate "2014.09.05"]
[EventType "swiss"]
[EventRounds "5"]
[EventCountry "CAN"]

1. d4 Nf6 2. Bf4 e6 3. Nf3 b6 4. e3 Bb7 5. Nbd2 Be7 6. h3 O-O 7. Bh2 c5 8. c3
d5 9. Bd3 Nc6 10. O-O Bd6 11. Ne5 Qc7 12. f4 Ne8 13. Qh5 g6 14. Qe2 f6 15. Nef3
Ng7 16. e4 cxd4 17. cxd4 Bxf4 18. e5 Bxh2+ 19. Kxh2 fxe5 20. dxe5 Nh5 21. g3
Nb4 22. Bb5 a6 23. Ba4 b5 24. Bb3 Nc6 25. Rac1 Ng7 26. Rfe1 Qb6 27. Kg2 a5 28.
a3 a4 29. Bc2 b4 30. Bd3 Na5 31. axb4 Qxb4 32. Qe3 d4 33. Qh6 Rac8 34. g4 Nb3
35. Rxc8 Rxc8 36. Ne4 Nc5 37. Nfg5 Qd2+ 38. Re2 Bxe4+ 39. Kg3 Qxg5 40. Qxg5
Bxd3 41. Re1 Ne4+ 42. Rxe4 Bxe4 43. Qd2 Rf8 44. Qxd4 Bc2 45. Qd2 Bb3 46. Kh4
Nf5+ 47. gxf5 Rxf5 48. Qd8+ Kg7 49. Qd7+ Kh6 50. Qe7 g5+ 51. Kg3 Kg6 52. Qe8+
Kh6 53. Qe7 Bd5 54. Kg4 Rf4+ 55. Kg3 Kg6 56. Qe8+ Kf5 57. Qf7+ Kxe5 58. Qxh7
Kd4 59. Qg7+ e5 60. Qxg5 Rf3+ 61. Kg4 Rf2 62. Qc1 Rg2+ 63. Kh4 Bb3 64. Qc3+ Ke4
65. Qc6+ Bd5 66. Qxa4+ Ke3 67. Qa7+ Kf4 68. Qb6 Rd2 69. Qh6+ 1-0

[Event "Montreal op"]
[Site "Montreal CAN"]
[Date "2014.09.07"]
[Round "4"]
[White "Cardona, Misael"]
[Black "Nikulich, Oleksandr"]
[Result "1-0"]
[WhiteElo "2111"]
[BlackElo "2008"]
[PlyCount "81"]
[EventDate "2014.09.05"]
[EventType "swiss"]
[EventRounds "5"]
[EventCountry "CAN"]

1. d4 f5 2. g3 Nf6 3. Bg2 g6 4. Nh3 d6 5. d5 Bg7 6. Nf4 O-O 7. h4 e5 8. dxe6 c6
9. h5 g5 10. h6 Bh8 11. Nh3 g4 12. Nf4 Qe7 13. Nc3 Bxe6 14. Be3 Nbd7 15. Qd2
Ne5 16. b3 Bf7 17. Rd1 d5 18. Nd3 Ned7 19. Bg5 Rae8 20. Nf4 Qe5 21. O-O Nc5 22.
Nd3 Qd6 23. Nxc5 Qxc5 24. Be3 Qa3 25. Bd4 Bg6 26. e3 Rf7 27. Ne2 a6 28. Nf4 Qf8
29. a4 Qxh6 30. b4 Ne4 31. Bxe4 Rxe4 32. Bxh8 Kxh8 33. b5 axb5 34. axb5 Rfe7
35. Ra1 Bf7 36. Ra8+ Kg7 37. Qc3+ Qf6 38. Rg8+ Bxg8 39. Nh5+ Kg6 40. Qxf6+ Kxh5
41. Kg2 1-0

[Event "Montreal op"]
[Site "Montreal CAN"]
[Date "2014.09.07"]
[Round "4"]
[White "Hirschberg, Valerian"]
[Black "Libersan, Thierry"]
[Result "1/2-1/2"]
[WhiteElo "2319"]
[BlackElo "2212"]
[PlyCount "126"]
[EventDate "2014.09.05"]
[EventType "swiss"]
[EventRounds "5"]
[EventCountry "CAN"]

1. Nf3 d5 2. g3 e6 3. Bg2 Bd6 4. d4 f5 5. c4 c6 6. b3 Qe7 7. O-O Nf6 8. Bb2 O-O
9. Nbd2 Bd7 10. Ne5 Be8 11. Nd3 Nbd7 12. Nf3 Bh5 13. Nfe5 Kh8 14. Nf4 Be8 15.
Qc2 g5 16. Nfd3 f4 17. e3 fxe3 18. fxe3 Qg7 19. Rae1 Bg6 20. Nxg6+ Qxg6 21. Qe2
Ne4 22. Nf2 Nxf2 23. Rxf2 Rxf2 24. Qxf2 Rf8 25. Qe2 Nf6 26. Rf1 Kg8 27. a3 h5
28. c5 Bc7 29. Bc3 h4 30. Be1 hxg3 31. Bxg3 Bxg3 32. hxg3 Kg7 33. Bf3 Rh8 34.
g4 Rh4 35. b4 Ne4 36. Qg2 Nf6 37. Qe2 a6 38. a4 Qh7 39. Qf2 Qd3 40. Be2 Qg6 41.
Qg2 Qh7 42. Bd1 Rh3 43. Rf3 Rxf3 44. Qxf3 Qb1 45. Qe2 Qxb4 46. Kg2 Qc3 47. Kf3
Ne4 48. Kg2 Qd2 49. Qxd2 Nxd2 50. Bc2 a5 51. Kf2 Kf6 52. Ke2 Ne4 53. Bxe4 dxe4
54. Kd2 Ke7 55. Kc3 Kd7 56. Kc4 Kc7 57. Kc3 b5 58. cxb6+ Kxb6 59. Kc4 Kb7 60.
Kb3 Kc7 61. Kc3 Kd7 62. Kb3 Ke7 63. Kc3 Kd7 1/2-1/2

[Event "Montreal op"]
[Site "Montreal CAN"]
[Date "2014.09.07"]
[Round "4"]
[White "Jacquet, Stephane"]
[Black "Drolet, Stephane"]
[Result "0-1"]
[WhiteElo "2040"]
[BlackElo "2135"]
[PlyCount "108"]
[EventDate "2014.09.05"]
[EventType "swiss"]
[EventRounds "5"]
[EventCountry "CAN"]

1. d4 e6 2. c4 Nf6 3. Nc3 d5 4. cxd5 exd5 5. Bg5 Nbd7 6. e4 dxe4 7. f3 exf3 8.
Nxf3 Be7 9. Bc4 c6 10. O-O O-O 11. Qe2 Nb6 12. Bb3 Bg4 13. Kh1 Nbd5 14. Rae1
Re8 15. Nxd5 cxd5 16. Ba4 Bd7 17. Bc2 h6 18. Bxf6 Bxf6 19. Ne5 Bxe5 20. dxe5
Qg5 21. Qd3 Be6 22. Rf3 g6 23. Rg3 Qe7 24. Rf1 Kh8 25. Rf6 Rg8 26. Qe3 Rg7 27.
Qxh6+ Rh7 28. Qf4 Rc8 29. Rc3 Rxc3 30. bxc3 Kg7 31. h3 Rh5 32. Kh2 Bd7 33. g4
Rxe5 34. Rxf7+ Qxf7 35. Qxe5+ Kh7 36. Kg3 Bc6 37. Bb3 a6 38. h4 Qd7 39. h5 gxh5
40. Qxh5+ Kg7 41. Qg5+ Kf8 42. Qf5+ Qxf5 43. gxf5 Ke7 44. Kf4 Kf6 45. a3 b6 46.
Bd1 Bd7 47. Bg4 a5 48. Bh3 Bb5 49. Bg2 Bc4 50. Bf3 b5 51. Bh5 d4 52. cxd4 b4
53. axb4 a4 54. Bd1 a3 0-1

[Event "Montreal op"]
[Site "Montreal CAN"]
[Date "2014.09.07"]
[Round "4"]
[White "Ming, Wenyang"]
[Black "Sprumont, Oscar"]
[Result "1/2-1/2"]
[WhiteElo "2117"]
[BlackElo "2108"]
[PlyCount "107"]
[EventDate "2014.09.05"]
[EventType "swiss"]
[EventRounds "5"]
[EventCountry "CAN"]

1. e4 e6 2. d3 d5 3. Nd2 Nf6 4. g3 dxe4 5. dxe4 Bc5 6. Bg2 O-O 7. Ngf3 Nc6 8.
O-O e5 9. c3 Be6 10. Qe2 Re8 11. b4 Bd6 12. Rd1 Qe7 13. Nc4 Rad8 14. Bg5 h6 15.
Nxd6 cxd6 16. Bxf6 Qxf6 17. Ne1 Rd7 18. Nc2 Red8 19. Ne3 Ne7 20. Rd2 d5 21.
exd5 Nxd5 22. Bxd5 Bxd5 23. Rad1 Bf3 24. Rxd7 Rxd7 25. Qxf3 Qxf3 26. Rxd7 Qc6
27. Rd8+ Kh7 28. c4 Qa4 29. b5 Qxa2 30. Rd7 Qb1+ 31. Nf1 Qe4 32. c5 f5 33. Rc7
Qb4 34. c6 bxc6 35. bxc6 a5 36. Ra7 Qc5 37. c7 a4 38. h4 a3 39. Nd2 a2 40. Nb3
Qxa7 41. c8=Q a1=Q+ 42. Nxa1 Qxa1+ 43. Kg2 Qb1 44. Qe6 Qe4+ 45. Kg1 Qe1+ 46.
Kg2 Qe4+ 47. Kg1 f4 48. Qg4 Qg6 49. Qf3 fxg3 50. fxg3 Qf6 51. Qe4+ g6 52. h5
Qf5 53. Qb7+ Kg8 54. hxg6 1/2-1/2

[Event "Montreal op"]
[Site "Montreal CAN"]
[Date "2014.09.07"]
[Round "4"]
[White "Turcotte, Jonathan"]
[Black "Zhu, Hong Rui"]
[Result "1/2-1/2"]
[WhiteElo "2088"]
[BlackElo "2203"]
[PlyCount "66"]
[EventDate "2014.09.05"]
[EventType "swiss"]
[EventRounds "5"]
[EventCountry "CAN"]

1. d4 Nf6 2. Nf3 g6 3. c4 Bg7 4. Nc3 d5 5. Bf4 O-O 6. e3 a6 7. Rc1 c6 8. cxd5
Nxd5 9. Nxd5 Qxd5 10. Bc4 Qa5+ 11. Qd2 Qxd2+ 12. Kxd2 c5 13. Ne5 cxd4 14. Bxf7+
Kh8 15. exd4 Nc6 16. Rxc6 bxc6 17. Bg3 e6 18. Bxg6 hxg6 19. Nxg6+ Kg8 20. Nxf8
Kxf8 21. Be5 Ra7 22. h4 Bxe5 23. dxe5 Rg7 24. g3 Bb7 25. Rg1 c5 26. Ke3 Bd5 27.
b3 a5 28. Rc1 Rc7 29. g4 Kg7 30. f4 Kg6 31. h5+ Kh6 32. Rc2 c4 33. bxc4 Rxc4
1/2-1/2

[Event "Montreal op"]
[Site "Montreal CAN"]
[Date "2014.09.07"]
[Round "4"]
[White "Wan, Kevin"]
[Black "Laptos, Kris"]
[Result "1/2-1/2"]
[WhiteElo "2171"]
[BlackElo "2278"]
[PlyCount "61"]
[EventDate "2014.09.05"]
[EventType "swiss"]
[EventRounds "5"]
[EventCountry "CAN"]

1. e4 Nc6 2. Nf3 d6 3. d4 Nf6 4. Nc3 Bg4 5. Be2 e6 6. h3 Bh5 7. Bf4 d5 8. exd5
Nxd5 9. Nxd5 exd5 10. c3 Bd6 11. Qd2 O-O 12. O-O Re8 13. Rae1 Re4 14. Bxd6 Qxd6
15. Ng5 Rxe2 16. Rxe2 Bxe2 17. Qxe2 h6 18. Nf3 Ne7 19. Re1 Ng6 20. g3 a6 21. h4
Rd8 22. Qc2 b6 23. Re3 a5 24. Qe2 Kf8 25. Qc2 Kg8 26. Qa4 c6 27. Qc2 c5 28. Qe2
Nf8 29. Re8 Rxe8 30. Qxe8 Qe6 31. Qxe6 1/2-1/2

[Event "Montreal op"]
[Site "Montreal CAN"]
[Date "2014.09.07"]
[Round "4"]
[White "Yu, Zong Yang"]
[Black "Prahov, Valentin"]
[Result "1-0"]
[WhiteElo "2304"]
[BlackElo "2256"]
[PlyCount "91"]
[EventDate "2014.09.05"]
[EventType "swiss"]
[EventRounds "5"]
[EventCountry "CAN"]

1. d4 Nf6 2. c4 g6 3. Nc3 d5 4. Bf4 Bg7 5. e3 c5 6. dxc5 Qa5 7. Rc1 dxc4 8.
Bxc4 O-O 9. Nf3 Qxc5 10. Bb3 Qa5 11. O-O Nc6 12. Qe2 Nh5 13. Bg5 h6 14. Bh4 g5
15. Bg3 Nxg3 16. fxg3 Bg4 17. h3 Bh5 18. g4 Bg6 19. Rcd1 Rad8 20. h4 e6 21.
hxg5 hxg5 22. Bc2 Bxc2 23. Qxc2 Qc5 24. Kf2 f5 25. Rxd8 Nxd8 26. gxf5 Rxf5 27.
Qe4 Rf4 28. Qg6 g4 29. Rd1 Nf7 30. Ne2 Rb4 31. Nfd4 Rxb2 32. Qxg7+ Kxg7 33.
Nxe6+ Kf6 34. Nxc5 Rxa2 35. Nxb7 Ne5 36. Nd6 a5 37. Ne4+ Kf5 38. N4c3 Rc2 39.
Kg3 Kf6 40. Rd6+ Ke7 41. Rd4 Rb2 42. Kf4 Nc6 43. Ra4 Rb4+ 44. Rxb4 axb4 45. Nd1
b3 46. Nd4 1-0

[Event "Montreal op"]
[Site "Montreal CAN"]
[Date "2014.09.07"]
[Round "4"]
[White "Zhou, Qiyu"]
[Black "Gauthier, Denis"]
[Result "1-0"]
[WhiteElo "2113"]
[BlackElo "1922"]
[PlyCount "71"]
[EventDate "2014.09.05"]
[EventType "swiss"]
[EventRounds "5"]
[EventCountry "CAN"]

1. d4 Nf6 2. Nf3 e6 3. e3 b6 4. Bd3 Bb7 5. Nbd2 c5 6. O-O d5 7. b3 Nbd7 8. Bb2
Be7 9. Ne5 Nxe5 10. dxe5 Nd7 11. Qg4 g6 12. e4 Qc7 13. f4 O-O-O 14. exd5 Bxd5
15. Qe2 Rhg8 16. Ba6+ Bb7 17. Bxb7+ Qxb7 18. Ne4 Nb8 19. Rad1 Nc6 20. Nd6+ Bxd6
21. exd6 Rd7 22. Bf6 Nb4 23. c4 Nc6 24. Rf3 Na5 25. Rfd3 Nc6 26. a3 Kb8 27. Qb2
Na5 28. b4 cxb4 29. Qxb4 Rc8 30. Rc3 Qe4 31. c5 Qe2 32. Rb1 Nc6 33. Qb3 Na5 34.
Qa4 Rxc5 35. Rxc5 Qe3+ 36. Kh1 1-0

[Event "Montreal op"]
[Site "Montreal CAN"]
[Date "2014.09.07"]
[Round "5"]
[White "Barre, Michel"]
[Black "Turcotte, Jonathan"]
[Result "0-1"]
[WhiteElo "1935"]
[BlackElo "2088"]
[PlyCount "72"]
[EventDate "2014.09.05"]
[EventType "swiss"]
[EventRounds "5"]
[EventCountry "CAN"]

1. e4 c6 2. d4 d5 3. exd5 cxd5 4. c4 Nf6 5. Nc3 Nc6 6. Nf3 Bg4 7. cxd5 Nxd5 8.
Qb3 Bxf3 9. gxf3 e6 10. Nxd5 Qxd5 11. Qxd5 exd5 12. Bb5 Rc8 13. O-O a6 14. Ba4
Bb4 15. a3 Ba5 16. Rd1 O-O 17. Be3 b5 18. Bb3 Rfd8 19. Rac1 Ne7 20. Kf1 Bb6 21.
Ke2 f6 22. h4 h5 23. Bc2 Kf7 24. Rg1 Rc4 25. Bd3 Rxc1 26. Rxc1 Rc8 27. Rxc8
Nxc8 28. Bf5 Nd6 29. Bd3 Nc4 30. Bxc4 bxc4 31. f4 Ke6 32. Kd2 Kf5 33. f3 Bc7
34. Kc3 Bxf4 35. Bxf4 Kxf4 36. Kb4 g5 0-1

[Event "Montreal op"]
[Site "Montreal CAN"]
[Date "2014.09.07"]
[Round "5"]
[White "Bolduc, Steve"]
[Black "Masse, Hugues"]
[Result "1/2-1/2"]
[WhiteElo "2269"]
[BlackElo "2305"]
[PlyCount "87"]
[EventDate "2014.09.05"]
[EventType "swiss"]
[EventRounds "5"]
[EventCountry "CAN"]

1. d4 Nf6 2. Bf4 g6 3. Nf3 Bg7 4. Nbd2 d5 5. e3 c5 6. c3 Qb6 7. Qb3 O-O 8. Qxb6
axb6 9. Bc7 Nfd7 10. Bb5 Na6 11. Bg3 Nf6 12. h3 Ne8 13. O-O Nd6 14. Bd3 Bf5 15.
Bxf5 Nxf5 16. Bh2 Rfd8 17. a3 Nd6 18. Rfc1 Rac8 19. b4 Rc7 20. Ne1 Bf8 21. b5
Nb8 22. a4 e6 23. Nd3 cxd4 24. cxd4 Rdc8 25. Rxc7 Rxc7 26. Rc1 Rxc1+ 27. Nxc1
Nd7 28. Kf1 f6 29. Nd3 Kf7 30. Ke2 Ke7 31. f3 Bh6 32. g4 f5 33. Bxd6+ Kxd6 34.
f4 Bg7 35. g5 Bf8 36. Nf3 Bg7 37. h4 h5 38. gxh6 Bxh6 39. Nfe5 Bg7 40. Nxd7
Kxd7 41. Kf3 Bf6 42. Ne5+ Bxe5 43. fxe5 Ke7 44. Kf4 1/2-1/2

[Event "Montreal op"]
[Site "Montreal CAN"]
[Date "2014.09.07"]
[Round "5"]
[White "Gauthier, Denis"]
[Black "Ming, Wenyang"]
[Result "0-1"]
[WhiteElo "1922"]
[BlackElo "2117"]
[PlyCount "70"]
[EventDate "2014.09.05"]
[EventType "swiss"]
[EventRounds "5"]
[EventCountry "CAN"]

1. d4 Nf6 2. c4 c5 3. d5 b5 4. cxb5 a6 5. f3 axb5 6. e4 Qa5+ 7. Bd2 b4 8. Na3
Ba6 9. Nc4 Qc7 10. Nh3 d6 11. Bd3 g6 12. Qc1 Nbd7 13. O-O Bg7 14. Bh6 O-O 15.
Bxg7 Kxg7 16. Nf4 Nb6 17. b3 Nfd7 18. Qc2 Bxc4 19. Bxc4 Ra3 20. Nd3 Qa7 21. f4
Nxc4 22. bxc4 Rc3 23. Qe2 Rxc4 24. e5 Rd4 25. e6 Rxd3 26. exd7 c4+ 27. Kh1 Qxd7
28. Qb2+ c3 29. Qxb4 Qf5 30. Rac1 Rc8 31. Qb7 Rd2 32. Qxe7 Qxd5 33. Rg1 c2 34.
Qe3 Qd4 35. Qh3 Rc3 0-1

[Event "Montreal op"]
[Site "Montreal CAN"]
[Date "2014.09.07"]
[Round "5"]
[White "Laptos, Kris"]
[Black "Hirschberg, Valerian"]
[Result "0-1"]
[WhiteElo "2278"]
[BlackElo "2319"]
[PlyCount "100"]
[EventDate "2014.09.05"]
[EventType "swiss"]
[EventRounds "5"]
[EventCountry "CAN"]

1. d4 d5 2. Bg5 h6 3. Bh4 c5 4. dxc5 g5 5. Bg3 Bg7 6. c3 Na6 7. e4 dxe4 8.
Qxd8+ Kxd8 9. Bxa6 bxa6 10. Na3 f5 11. O-O-O+ Ke8 12. Bc7 Be6 13. Ba5 Rc8 14.
b4 Bxc3 15. Ne2 Be5 16. Nd4 Kf7 17. Nxe6 Kxe6 18. Nc4 Bf4+ 19. Kc2 Nf6 20. f3
exf3 21. gxf3 Kf7 22. h3 h5 23. Rd4 Bb8 24. Re1 g4 25. hxg4 fxg4 26. fxg4 hxg4
27. Ne3 g3 28. Nf5 e6 29. Ne3 Rh2+ 30. Kb3 Rf2 31. Bd8 Nd5 32. Bg5 Rg8 33. Nxd5
Rxg5 34. Ne3 g2 35. Rd7+ Ke8 36. Rb7 g1=Q 37. Rxg1 Rxg1 38. Rxb8+ Kd7 39. Rb7+
Kc8 40. Rxa7 Rg3 41. Rxa6 Rxe3+ 42. Kc4 Rf7 43. a3 Rff3 44. Ra8+ Kb7 45. Re8
Rxa3 46. Kb5 Rf7 47. Rxe6 Raf3 48. Rb6+ Kc7 49. Rc6+ Kb8 50. Rb6+ Rb7 0-1

[Event "Montreal op"]
[Site "Montreal CAN"]
[Date "2014.09.07"]
[Round "5"]
[White "Libersan, Thierry"]
[Black "Wan, Kevin"]
[Result "1/2-1/2"]
[WhiteElo "2212"]
[BlackElo "2171"]
[PlyCount "107"]
[EventDate "2014.09.05"]
[EventType "swiss"]
[EventRounds "5"]
[EventCountry "CAN"]

1. e4 e6 2. d4 d5 3. Nc3 Bb4 4. Nge2 dxe4 5. a3 Be7 6. Nxe4 Nf6 7. Nxf6+ Bxf6
8. Be3 O-O 9. Qd2 c5 10. O-O-O cxd4 11. Nxd4 Bd7 12. f4 Qe7 13. g4 e5 14. fxe5
Bxe5 15. h3 Nc6 16. Nf3 Rfd8 17. Qf2 Bg3 18. Qg1 Bd6 19. Bc4 Be6 20. Bxe6 Qxe6
21. Kb1 Re8 22. Rd3 b5 23. Qf2 f6 24. Rhd1 Be5 25. Bc5 a6 26. g5 fxg5 27. Nxg5
Qf6 28. Qg2 h6 29. Qd5+ Kh8 30. Nf7+ Kh7 31. Nxe5 Nxe5 32. Bd4 Rad8 33. Bxe5
Rxd5 34. Bxf6 Rxd3 35. Rxd3 gxf6 36. Rg3 f5 37. Kc1 f4 38. Rg4 Rf8 39. Kd2 h5
40. Rg5 Kh6 41. Rg1 Re8 42. h4 Re5 43. Rf1 Rd5+ 44. Ke2 Rd4 45. Kf3 Kg6 46. Re1
Kf5 47. Re8 Rd2 48. Rc8 Rh2 49. Rc5+ Ke6 50. Rxh5 Rxc2 51. Kxf4 Rxb2 52. Rh6+
Kf7 53. Rxa6 b4 54. axb4 1/2-1/2

[Event "Montreal op"]
[Site "Montreal CAN"]
[Date "2014.09.07"]
[Round "5"]
[White "Munro, Allan"]
[Black "Wilkin, Alain"]
[Result "1-0"]
[WhiteElo "2120"]
[BlackElo "1935"]
[PlyCount "131"]
[EventDate "2014.09.05"]
[EventType "swiss"]
[EventRounds "5"]
[EventCountry "CAN"]

1. e4 c5 2. Nf3 e6 3. d4 cxd4 4. Nxd4 a6 5. Bd3 Nf6 6. O-O d6 7. b3 Be7 8. Bb2
Nc6 9. Nxc6 bxc6 10. Nd2 e5 11. Re1 O-O 12. Nf1 g6 13. Ng3 Ne8 14. Qe2 Ng7 15.
Rad1 Ne6 16. Bc4 Nf4 17. Qd2 Qc7 18. Ne2 Nxe2+ 19. Qxe2 Be6 20. a4 Bxc4 21.
Qxc4 a5 22. Rd3 Ra7 23. Red1 Rd8 24. Qc3 Bf8 25. Qd2 d5 26. Qg5 d4 27. f4 Bg7
28. fxe5 c5 29. e6 fxe6 30. Ba3 Rc8 31. Qg4 e5 32. c4 Re8 33. Rf1 Rb7 34. Bc1
Qc6 35. Bd2 Ra7 36. h4 Qe6 37. Qxe6+ Rxe6 38. Rdf3 Re8 39. Kf2 Rf8 40. Ke2 Rxf3
41. Rxf3 Ra6 42. Bg5 Ra8 43. Be7 Rc8 44. g4 Bf8 45. Bg5 Bg7 46. h5 h6 47. Bd2
gxh5 48. gxh5 Ra8 49. Kd3 Ra6 50. Rf5 Ra8 51. Be1 Ra6 52. Bh4 Ra8 53. Be7 Rb8
54. Kc2 d3+ 55. Kc3 d2 56. Rf1 Rb7 57. Bxc5 Rd7 58. Rd1 Rf7 59. Rxd2 Rf3+ 60.
Rd3 Rf4 61. Re3 Rf7 62. Bb6 Bf8 63. c5 Rf1 64. Kc4 Rd1 65. Rd3 Re1 66. Kd5 1-0

[Event "Montreal op"]
[Site "Montreal CAN"]
[Date "2014.09.07"]
[Round "5"]
[White "Nikulich, Oleksandr"]
[Black "Lopez Linares, Lizandro"]
[Result "1/2-1/2"]
[WhiteElo "2008"]
[BlackElo "2125"]
[PlyCount "80"]
[EventDate "2014.09.05"]
[EventType "swiss"]
[EventRounds "5"]
[EventCountry "CAN"]

1. e4 d5 2. exd5 Qxd5 3. Nc3 Qa5 4. d4 c6 5. Nf3 Nf6 6. Bc4 Bf5 7. O-O e6 8.
Bd2 Nbd7 9. d5 cxd5 10. Nxd5 Qc5 11. Ne3 Bg6 12. Qe2 Be7 13. Rfd1 O-O 14. Be1
a6 15. Qd2 b5 16. Be2 Nb6 17. Qd4 Qxd4 18. Nxd4 Rac8 19. b3 Ne4 20. c4 bxc4 21.
Nxc4 Nd5 22. Bf3 Rfd8 23. Ne2 Bf6 24. Rac1 h5 25. Ba5 Rf8 26. g3 Bg5 27. Ra1
Rc5 28. Be1 Bf6 29. Rac1 Rb8 30. h4 Kf8 31. Kf1 Ke7 32. Ba5 Rbb5 33. Be1 Rc8
34. Ne5 Rxc1 35. Nxg6+ fxg6 36. Rxc1 Nc5 37. a4 Rxb3 38. Rxc5 Rxf3 39. Ra5 Nc7
40. Nf4 Rb3 1/2-1/2

[Event "Montreal op"]
[Site "Montreal CAN"]
[Date "2014.09.07"]
[Round "5"]
[White "Prahov, Valentin"]
[Black "Cardona, Misael"]
[Result "1-0"]
[WhiteElo "2256"]
[BlackElo "2111"]
[PlyCount "73"]
[EventDate "2014.09.05"]
[EventType "swiss"]
[EventRounds "5"]
[EventCountry "CAN"]

1. e4 c6 2. d4 d5 3. exd5 cxd5 4. Bd3 Nf6 5. c3 Nc6 6. Bf4 Bg4 7. Qb3 Qd7 8.
Nd2 e6 9. Ngf3 Bxf3 10. Nxf3 Be7 11. O-O O-O 12. Rae1 a6 13. Qc2 Rac8 14. Ne5
Qd8 15. Qe2 Nxe5 16. dxe5 Nd7 17. Qh5 g6 18. Qg4 Re8 19. Re3 Bf8 20. Bg5 Qc7
21. Rfe1 Bg7 22. Bf4 Qb6 23. R3e2 Qa5 24. a3 b5 25. h4 Qb6 26. h5 a5 27. hxg6
hxg6 28. Bd2 Qb8 29. Qd4 Bf8 30. g3 Qb7 31. Kg2 Nc5 32. Rh1 Nxd3 33. Qxd3 Rc4
34. Qf3 Rb8 35. Qf6 Bg7 36. Bg5 d4+ 37. f3 1-0

[Event "Montreal op"]
[Site "Montreal CAN"]
[Date "2014.09.07"]
[Round "5"]
[White "Robichaud, Louis"]
[Black "Jacquet, Stephane"]
[Result "1/2-1/2"]
[WhiteElo "2075"]
[BlackElo "2040"]
[PlyCount "104"]
[EventDate "2014.09.05"]
[EventType "swiss"]
[EventRounds "5"]
[EventCountry "CAN"]

1. e4 d6 2. d4 Nf6 3. Nc3 g6 4. f4 Bg7 5. Nf3 O-O 6. Bd3 Nc6 7. O-O e5 8. fxe5
dxe5 9. d5 Nd4 10. Nxe5 Nxe4 11. Bxe4 Bxe5 12. Bf4 Bg7 13. Qd3 Bf5 14. Bxf5
Nxf5 15. Nb5 Nd6 16. Nxd6 cxd6 17. Qg3 Qb6+ 18. Kh1 Rad8 19. Rad1 Rfe8 20. b3
Be5 21. c4 Qc7 22. Rde1 Bxf4 23. Qxf4 Qd7 24. h3 Re7 25. Rxe7 Qxe7 26. Qf2 b6
27. Re1 Qf8 28. Qf6 Rd7 29. a4 h5 30. Kg1 Qg7 31. Qxg7+ Kxg7 32. a5 bxa5 33.
Ra1 Kf6 34. Rxa5 Ke5 35. Rb5 Kd4 36. Kf2 Kc3 37. Kf3 g5 38. Ke4 Re7+ 39. Kf5
Re5+ 40. Kf6 g4 41. hxg4 hxg4 42. Kxf7 g3 43. Rb8 Re2 44. Kf6 a5 45. c5 dxc5
46. d6 Rxg2 47. Rb5 Rd2 48. Ke6 g2 49. Rxc5+ Kxb3 50. Rg5 a4 51. d7 a3 52. Rxg2
Rxd7 1/2-1/2

[Event "Montreal op"]
[Site "Montreal CAN"]
[Date "2014.09.07"]
[Round "5"]
[White "Sambuev, Bator"]
[Black "MacKinnon, Keith"]
[Result "1-0"]
[WhiteElo "2571"]
[BlackElo "2283"]
[PlyCount "51"]
[EventDate "2014.09.05"]
[EventType "swiss"]
[EventRounds "5"]
[EventCountry "CAN"]

1. d4 Nf6 2. Nf3 e6 3. e3 b6 4. Bd3 Bb7 5. O-O Be7 6. c4 c5 7. Nc3 cxd4 8. exd4
d5 9. cxd5 Nxd5 10. Ne5 Nc6 11. Bb5 Rc8 12. Qa4 a6 13. Bxc6+ Bxc6 14. Nxc6 Nxc3
15. bxc3 Qd7 16. d5 exd5 17. Nxe7 Qxa4 18. Nxc8 Qc6 19. Re1+ Kd7 20. Ne7 Re8
21. Bg5 Qd6 22. g3 g6 23. c4 f6 24. Bf4 Qb4 25. Rab1 Qa5 26. Rbd1 1-0

[Event "Montreal op"]
[Site "Montreal CAN"]
[Date "2014.09.07"]
[Round "5"]
[White "Zhu, Hong Rui"]
[Black "Zhou, Qiyu"]
[Result "1/2-1/2"]
[WhiteElo "2203"]
[BlackElo "2113"]
[PlyCount "146"]
[EventDate "2014.09.05"]
[EventType "swiss"]
[EventRounds "5"]
[EventCountry "CAN"]

1. e4 e5 2. Nf3 Nc6 3. d4 exd4 4. Bc4 Nf6 5. e5 d5 6. Bb5 Ne4 7. Nxd4 Bd7 8.
Bxc6 bxc6 9. O-O Bc5 10. c3 O-O 11. Be3 Bb6 12. Nd2 Nxd2 13. Qxd2 Qe7 14. f4 f6
15. exf6 Qxf6 16. Nb3 Rae8 17. Rae1 Bf5 18. Kh1 Qg6 19. Bc5 Rf6 20. Rxe8+ Qxe8
21. Bd4 Rh6 22. Qf2 Qh5 23. g3 Re6 24. Nc1 Bh3 25. Rg1 c5 26. Be5 c4 27. Bd4
Bxd4 28. cxd4 Re4 29. b3 cxb3 30. axb3 Qg4 31. b4 c6 32. f5 Rxd4 33. Re1 Re4
34. Kg1 Qxf5 35. Qd2 h6 36. Ne2 Qe5 37. Kf2 Bg4 38. Nf4 Rxe1 39. Qxe1 Qxe1+ 40.
Kxe1 Kf7 41. Kd2 Kf6 42. Ke3 g5 43. Nd3 Bf5 44. Nc5 Ke5 45. Nb3 Bd7 46. Nd4 Kd6
47. Nb3 Ke5 48. Nd4 g4 49. Nb3 h5 50. Kd3 Bf5+ 51. Ke3 Bc2 52. Nd4 Ba4 53. Ne2
a5 54. bxa5 c5 55. a6 d4+ 56. Kd2 c4 57. a7 c3+ 58. Ke1 Bc6 59. Nf4 Ke4 60. Ke2
h4 61. Nd3 hxg3 62. hxg3 Ba8 63. Nf2+ Kd5 64. Kd3 Kc5 65. Nxg4 Kb6 66. Ne5 Kxa7
67. Kxd4 c2 68. Nd3 Kb6 69. Kc3 Kc6 70. Kxc2 Kd5 71. Kd2 Ke4 72. Ke2 Bc6 73.
Nf2+ Kf5 1/2-1/2